Prontuario de testamentos y contratos... / (Record no. 158024)

MARC details
000 -LEADER
campo de control de longitud fija 00870nam a2200205 i 4500
001 - NÚMERO DE CONTROL
campo de control 158024
003 - IDENTIFICADOR DE NÚMERO DE CONTROL
campo de control ES-MaACL
005 - FECHA Y HORA DE LA ÚLTIMA TRANSACCIÓN
campo de control 20250820032303.0
008 - DATOS DE LONGITUD FIJA--INFORMACIÓN GENERAL
campo de control de longitud fija 931025s1799 sp |||| | spa d
040 ## - FUENTE DE CATALOGACIÓN
Centro catalogador/agencia de origen PAB
Lengua de catalogación spa
Centro/agencia transcriptor PAB
100 1# - ENTRADA PRINCIPAL--NOMBRE DE PERSONA
Nombre de persona López Fando, Juan Manuel.
9 (RLIN) 129203
245 10 - MENCIÓN DEL TÍTULO
Título Prontuario de testamentos y contratos... /
Mención de responsabilidad, etc. por Juan Manuel Lopez Fando... ; tomo segundo.
260 ## - PUBLICACIÓN, DISTRIBUCIÓN, ETC.
Lugar de publicación, distribución, etc. Madrid :
Nombre del editor, distribuidor, etc. en la imprenta de D. Benito Cano,
Fecha de publicación, distribución, etc. 1799.
300 ## - DESCRIPCIÓN FÍSICA
Extensión XVI, 331 p. ;
Dimensiones 8º (15 cm)
597 ## - NOTA DE DESCRIPCIÓN FÍSICA
NOTA DE DESCRIPCIÓN FÍSICA Sign.: a8, A-V8, X6.
597 ## - NOTA DE DESCRIPCIÓN FÍSICA
NOTA DE DESCRIPCIÓN FÍSICA Antep.
650 #7 - PUNTO DE ACCESO ADICIONAL DE MATERIA--TÉRMINO DE MATERIA
Término de materia o nombre geográfico como elemento de entrada Testamentos
Fuente del encabezamiento o término embne
9 (RLIN) 17521
852 ## - LOCALIZACIÓN
Ubicación ES-MaACL
Número de control de estantería R-610(2)
Nota libre -- Enc. pasta española
-- -- Legado M. de la Fuente
Encuadernación -- Edic.: En verso de la port. consta: "Se hallará en esta Corte, Librería de Campo ..., y de Flores ..., y en Valladolid en la de Cermeño"
-- Olim: D-3987
Holdings
Estatus retirado Estado de pérdida Estado de daño No para préstamo Colección Biblioteca de origen Biblioteca actual Ubicación en estantería Fecha de adquisición Fuente de adquisición Total de préstamos Signatura topográfica completa Código de barras Visto por última vez Precio de reemplazo Tipo de ítem Koha
        Libros del s. XVIII Biblioteca del Ateneo de Madrid Biblioteca del Ateneo de Madrid Depósito 17/01/2008     R-610(2) 1165385 23/02/2023 23/02/2023 Libro impreso antiguo